Personnages de Genshin Impact par nation et arme - Statistiques

Statistiques générales
  • Ce quiz a été pris 124 fois
    61 depuis la dernière actualisation
  • Le résultat moyen est 34 sur 45
Statistiques - réponses
Nation + arme Personnage·s % Correct
Mondstadt Arc Amber | Venti | Diona | Fischl
100%
Mondstadt Épée à deux mains Diluc | Noëlle | Razor | Eula
100%
Mondstadt Épée à une main Kaeya | Jean | Albedo | Bennett | Dahlia
100%
Mondstadt Catalyseur Lisa | Barbara | Klee | Mona | Sucrose
100%
Liyue Arme d'hast Xiangling | Zhongli | Yun Jin | Xiao | Shenhe | Hu Tao | Yaoyao
98%
Liyue Épée à deux mains Beidou | Chongyun | Xinyan | Gaming
95%
Liyue Épée à une main Keqing | Xingqiu | Qiqi
93%
Fontaine Épée à une main Lynette | Clorinde | Furina
93%
Inazuma Arme d'hast Thomas | Shogun Raiden
93%
Inazuma Catalyseur Yae Miko | Sangonomiya Kokomi | Shikanoin Heizou | Yumemizuki Mizuki
93%
Fontaine Catalyseur Charlotte | Neuvillette | Wriothesley
90%
Sumeru Arc Collei | Tighnari | Faruzan | Sethos
90%
Sumeru Arme d'hast Cyno | Candace
90%
Inazuma Épée à une main Kaedehara Kazuha | Kamisato Ayaka | Kamisato Ayato | Kuki Shinobu | Kirara | Chiori
90%
Natlan Catalyseur Mualani | Citlali | Varesa | Ifa
90%
Fontaine Épée à deux mains Navia | Fréminet
90%
Liyue Catalyseur Ningguang | Xianyun | Baizhu | Yanfei | Lan Yan
90%
Natlan Épée à deux mains Kinich | Mavuika
88%
Inazuma Épée à deux mains Sayu | Arataki Itto
88%
Sumeru Épée à une main Alhaitham | Nilou | Layla
85%
Natlan Arc Chasca | Ororon
85%
Sumeru Épée à deux mains Dehya | Dori | Kaveh
85%
Sumeru Catalyseur Nahida | Nomade
85%
Inazuma Arc Yoimiya | Kujou Sara | Gorou
85%
Fontaine Arc Lyney | Sigewinne
83%
Mondstadt Arme d'hast Rosalia | Mika
83%
Nod-Krai Épée à deux mains Aino
78%
Fontaine Arme d'hast Chevreuse | Émilie | Escoffier
78%
Nod-Krai Arme d'hast Ineffa | Flins
78%
Natlan Arme d'hast Kachina | Iansan
78%
Natlan Épée à une main Xilonen
78%
Liyue Arc Ganyu | Yelan
76%
Nod-Krai Catalyseur Lauma
73%
Autre monde Épée à une main Voyageur | Voyageuse | Skirk
63%
Snezhnaya Arc Tartaglia
54%
Snezhnaya Arme d'hast Arlecchino
46%
Autre monde Arc Aloy
39%
Nod-Krai Épée à une main Aucun
32%
Nod-Krai Arc Aucun
32%
Snezhnaya Épée à une main Aucun
32%
Snezhnaya Épée à deux mains Aucun
32%
Snezhnaya Catalyseur Aucun
32%
Autre monde Épée à deux mains Aucun
32%
Autre monde Arme d'hast Aucun
32%
Autre monde Catalyseur Aucun
32%
Aucun quiz correspondant
Distribution des résultats
% des personnes avec chaque résultat
Percentile par nombre de réponses
Votre historique - résultats
Vous n’avez pas pris ce quiz depuis la dernière actualisation